100 recetas de berenjenas / (Registro nro. 7580)

Detalles MARC
000 -LEADER
fixed length control field 01067nam a2200325 a 4500
001 - CONTROL NUMBER
control field 000005198
003 - CONTROL NUMBER IDENTIFIER
control field DO-SdBNP
005 - DATE AND TIME OF LATEST TRANSACTION
control field 20210405120521.0
007 - PHYSICAL DESCRIPTION FIXED FIELD--GENERAL INFORMATION
fixed length control field 000005198
008 - FIXED-LENGTH DATA ELEMENTS--GENERAL INFORMATION
fixed length control field 090707s2007 dr a 000 0 spa d
020 ## - INTERNATIONAL STANDARD BOOK NUMBER
International Standard Book Number 9789945161540
040 ## - CATALOGING SOURCE
Original cataloging agency BPMSU
Language of cataloging spa
Transcribing agency BPMSU
082 ## - DEWEY DECIMAL CLASSIFICATION NUMBER
Classification number 641.5636
Item number M671c
Edition number 22
092 ## - LOCALLY ASSIGNED DEWEY CALL NUMBER (OCLC)
Classification number
Item number
100 1# - MAIN ENTRY--PERSONAL NAME
Personal name Mir, Eridania
245 10 - TITLE STATEMENT
Title 100 recetas de berenjenas /
Statement of responsibility, etc. Eridania Mir ; prólogo Esperanza Lithgow.
246 1# - VARYING FORM OF TITLE
Title proper/short title Cien recetas de berenjenas
250 ## - EDITION STATEMENT
Edition statement 2a. ed.
260 ## - PUBLICATION, DISTRIBUTION, ETC. (IMPRINT)
Place of publication, distribution, etc. Santo Domingo :
Name of publisher, distributor, etc. Búho,
Date of publication, distribution, etc. 2007.
300 ## - PHYSICAL DESCRIPTION
Extent 138 p. :
Other physical details il. ;
Dimensions 22 cm.
505 ## - FORMATTED CONTENTS NOTE
Formatted contents note Prólogo -- Presentación -- La berenjena, -- Recomendaciones -- Entradas -- Ensaladas -- Guarniciones -- Pastelones -- Otros -- Postres.
590 ## - LOCAL NOTE (RLIN)
Local note La biblioteca posee 2 ejemplares autografiados por la autora
590 ## - LOCAL NOTE (RLIN)
Local note Inventariado,2021/VM 2021
650 #4 - SUBJECT ADDED ENTRY--TOPICAL TERM
Topical term or geographic name as entry element Cocina vegetariana
650 #4 - SUBJECT ADDED ENTRY--TOPICAL TERM
Topical term or geographic name as entry element Berenjena (Cocina)
650 #4 - SUBJECT ADDED ENTRY--TOPICAL TERM
Topical term or geographic name as entry element Cocina dominicana
700 1# - ADDED ENTRY--PERSONAL NAME
Personal name Lithgow, Esperanza,
Relator term pról.
910 ## - USER-OPTION DATA (OCLC)
User-option data VMateo
942 ## - ADDED ENTRY ELEMENTS (KOHA)
Source of classification or shelving scheme Dewey Decimal Classification
Koha item type Libros
Existencias
Withdrawn status Lost status Source of classification or shelving scheme Damaged status Not for loan Collection code Home library Current library Date acquired Full call number Barcode Date last seen Price effective from Koha item type
    Dewey Decimal Classification     Colección Dominicana Biblioteca Pública Metropolitana Salomé Ureña Biblioteca Pública Metropolitana Salomé Ureña 03/10/2015 BPMSU CD 641.5636 M671c 2007 BPMSU21030073 03/26/2021 03/10/2015 Libros